[Event "BEL-chT 1112"]
[Site "Belgium"]
[Date "2012.03.18"]
[Round "10.7"]
[White "Bajraktari, Sadik"]
[Black "Huesmann, Thomas"]
[Result "0-1"]
[WhiteElo "1862"]
[BlackElo "2223"]
[PlyCount "52"]
[EventDate "2011.10.09"]
[EventType "team-tourn"]
[EventRounds "11"]
[EventCountry "BEL"]
[SourceTitle "EXT 2013"]
[Source "ChessBase"]
[SourceDate "2012.11.22"]
[SourceVersion "1"]
[SourceVersionDate "2012.11.22"]
[SourceQuality "1"]
[WhiteTeam "Jean Jaures"]
[BlackTeam "Eupen Rochade"]
[WhiteTeamCountry "BEL"]
[BlackTeamCountry "BEL"]

1. d4 f5 2. c4 Nf6 3. Nc3 g6 4. Nf3 Bg7 5. g3 0-0 6. Bf4 d6 7. Qd2 c6 8. Bh6 Ne4 9. Nxe4 fxe4 10. Bxg7 Kxg7 11. Ng5 d5 12. h4 h6 13. Nh3 Bf5 14. h5 g5 15. g4 Bh7 16. Bg2 e6 17. 0-0 Nd7 18. f3 Nf6 19. c5 Qe7 20. f4 Nxg4 21. fxg5 e3 22. gxh6+ Kh8 23. Qe1 Qc7 24. Rf3 Qh2+ 25. Kf1 Rxf3+ 26. exf3 Bd3+ 0-1

[Event "BEL-chT 1112"]
[Site "Belgium"]
[Date "2012.01.29"]
[Round "7.7"]
[White "Claesen, Pieter"]
[Black "Bajraktari, Sadik"]
[Result "1-0"]
[WhiteElo "2368"]
[BlackElo "1862"]
[PlyCount "51"]
[EventDate "2011.10.09"]
[EventType "team-tourn"]
[EventRounds "11"]
[EventCountry "BEL"]
[SourceTitle "EXT 2013"]
[Source "ChessBase"]
[SourceDate "2012.11.22"]
[SourceVersion "1"]
[SourceVersionDate "2012.11.22"]
[SourceQuality "1"]
[WhiteTeam "Fontaine"]
[BlackTeam "Jean Jaures"]
[WhiteTeamCountry "BEL"]
[BlackTeamCountry "BEL"]

1. c4 d5 2. cxd5 Qxd5 3. Nc3 Qh5 4. d4 Nc6 5. d5 Ne5 6. Nb5 Kd8 7. Bf4 Bd7 8. e4 Qxd1+ 9. Rxd1 Bxb5 10. Bxb5 Ng6 11. Bg3 Nf6 12. e5 Ne4 13. f4 a6 14. Bd3 Nxg3 15. hxg3 Kc8 16. e6 Nxf4 17. gxf4 fxe6 18. dxe6 h6 19. Bg6 c6 20. Rh3 Kc7 21. Rd7+ Kc8 22. Rhd3 Ra7 23. Nf3 h5 24. Ne5 h4 25. Nc4 b5 26. Rd8+ 1-0

[Event "Brasschaat op 09th"]
[Site "Brasschaat"]
[Date "2009.08.16"]
[Round "2"]
[White "Bajraktari, Sadik"]
[Black "Both, Erik"]
[Result "0-1"]
[WhiteElo "1904"]
[BlackElo "2234"]
[PlyCount "112"]
[EventDate "2009.08.15"]
[EventType "swiss"]
[EventRounds "9"]
[EventCountry "BEL"]
[SourceTitle "EXT 2017"]
[Source "ChessBase"]
[SourceDate "2016.10.25"]
[SourceVersion "1"]
[SourceVersionDate "2016.10.25"]
[SourceQuality "1"]

1. d4 g6 2. c4 Bg7 3. Nf3 d6 4. g3 Nc6 5. Bg2 Bg4 6. 0-0 Qd7 7. Re1 Rb8 8. e3 Nf6 9. Nc3 0-0 10. a3 Rfe8 11. Qc2 a6 12. b4 e5 13. d5 Bxf3 14. Bxf3 Ne7 15. e4 c6 16. Be3 cxd5 17. cxd5 Rec8 18. Qd2 b5 19. Rac1 Ng4 20. Bg5 Nf6 21. Kg2 Rc4 22. Be2 Rc7 23. h3 Nc8 24. Bxf6 Bxf6 25. Bg4 Qd8 26. Na2 Bg5 27. f4 exf4 28. gxf4 Rxc1 29. Rxc1 Bh6 30. Bxc8 Rxc8 31. Kf3 Qd7 32. Rxc8+ Qxc8 33. Kg2 Qc4 34. Nc3 f5 35. Qe3 Bg7 36. e5 dxe5 37. fxe5 f4 38. Qc5 Bxe5 39. Qxc4 bxc4 40. Ne4 c3 41. Nf2 Kf7 42. Nd3 Kf6 43. Ne1 Kf5 44. Kf3 g5 45. a4 h5 46. b5 axb5 47. axb5 g4+ 48. hxg4+ hxg4+ 49. Ke2 Ke4 50. b6 f3+ 51. Kf1 g3 52. Nc2 Kxd5 53. Ne3+ Ke4 54. Nc2 Bd4 55. Nxd4 Kxd4 56. Ke1 Kd3 0-1